<?xml version="1.0" encoding="UTF-8"?>
<record
    xmlns:xsi="http://www.w3.org/2001/XMLSchema-instance"
    xsi:schemaLocation="http://www.loc.gov/MARC21/slim http://www.loc.gov/standards/marcxml/schema/MARC21slim.xsd"
    xmlns="http://www.loc.gov/MARC21/slim">

  <leader>00657nam a22002057a 4500</leader>
  <controlfield tag="005">20240108110532.0</controlfield>
  <datafield tag="010" ind1=" " ind2=" ">
    <subfield code="a">ENG-138822</subfield>
  </datafield>
  <datafield tag="020" ind1=" " ind2=" ">
    <subfield code="c">200.00</subfield>
    <subfield code="a">9789354093753</subfield>
  </datafield>
  <datafield tag="035" ind1=" " ind2=" ">
    <subfield code="a">EN-122354</subfield>
  </datafield>
  <datafield tag="037" ind1=" " ind2=" ">
    <subfield code="b">DBAD/PUB</subfield>
  </datafield>
  <datafield tag="082" ind1=" " ind2=" ">
    <subfield code="a">920</subfield>
    <subfield code="2">FIFTH</subfield>
  </datafield>
  <datafield tag="100" ind1=" " ind2=" ">
    <subfield code="a">MOOKERJEE,K.GIRJA</subfield>
    <subfield code="9">60719</subfield>
  </datafield>
  <datafield tag="245" ind1=" " ind2=" ">
    <subfield code="a">BUILDERS OF MODERN INDIA/</subfield>
  </datafield>
  <datafield tag="250" ind1=" " ind2=" ">
    <subfield code="a">FIFTH</subfield>
  </datafield>
  <datafield tag="260" ind1=" " ind2=" ">
    <subfield code="a"> Delhi</subfield>
    <subfield code="b"> Publications division</subfield>
    <subfield code="c">2022</subfield>
  </datafield>
  <datafield tag="270" ind1=" " ind2=" ">
    <subfield code="b">Delhi</subfield>
    <subfield code="a">ministry of information and broadcasting, government of india soochna bhawan, CGO complex, lodhi road </subfield>
    <subfield code="e">110003</subfield>
  </datafield>
  <datafield tag="300" ind1=" " ind2=" ">
    <subfield code="a">146p.</subfield>
    <subfield code="c">22 cm(pbk)</subfield>
  </datafield>
  <datafield tag="710" ind1=" " ind2=" ">
    <subfield code="a">Roma Chatterjee</subfield>
    <subfield code="e">Editor</subfield>
    <subfield code="9">59600</subfield>
  </datafield>
  <datafield tag="942" ind1=" " ind2=" ">
    <subfield code="2">ddc</subfield>
    <subfield code="c">EN</subfield>
    <subfield code="h">920</subfield>
    <subfield code="m">MOO</subfield>
  </datafield>
  <datafield tag="999" ind1=" " ind2=" ">
    <subfield code="c">200008</subfield>
    <subfield code="d">200008</subfield>
  </datafield>
  <datafield tag="952" ind1=" " ind2=" ">
    <subfield code="0">0</subfield>
    <subfield code="1">0</subfield>
    <subfield code="4">0</subfield>
    <subfield code="7">0</subfield>
    <subfield code="8">NFIC</subfield>
    <subfield code="a">ZLS</subfield>
    <subfield code="b">ZLS</subfield>
    <subfield code="d">2024-01-08</subfield>
    <subfield code="e">DBAD/PUB</subfield>
    <subfield code="g">200.00</subfield>
    <subfield code="l">1</subfield>
    <subfield code="m">2</subfield>
    <subfield code="o">920 MOO</subfield>
    <subfield code="p">EN-122354</subfield>
    <subfield code="r">2024-11-19 00:00:00</subfield>
    <subfield code="s">2024-09-25</subfield>
    <subfield code="t">1</subfield>
    <subfield code="v">200.00</subfield>
    <subfield code="w">2024-01-08</subfield>
    <subfield code="y">EN</subfield>
  </datafield>
</record>
